<?xml version="1.0" encoding="UTF-8"?>
<record
    xmlns:xsi="http://www.w3.org/2001/XMLSchema-instance"
    xsi:schemaLocation="http://www.loc.gov/MARC21/slim http://www.loc.gov/standards/marcxml/schema/MARC21slim.xsd"
    xmlns="http://www.loc.gov/MARC21/slim">

  <leader>00654nam a22002297a 4500</leader>
  <controlfield tag="005">20250303133149.0</controlfield>
  <controlfield tag="008">230222b        |||||||| |||| 00| 0 eng d</controlfield>
  <datafield tag="017" ind1=" " ind2=" ">
    <subfield code="a">LD.6128</subfield>
  </datafield>
  <datafield tag="018" ind1=" " ind2=" ">
    <subfield code="a">2022</subfield>
  </datafield>
  <datafield tag="020" ind1=" " ind2=" ">
    <subfield code="a">9789789890538</subfield>
  </datafield>
  <datafield tag="040" ind1=" " ind2=" ">
    <subfield code="a">NLN</subfield>
    <subfield code="b">English</subfield>
    <subfield code="e">AACR2</subfield>
  </datafield>
  <datafield tag="050" ind1=" " ind2=" ">
    <subfield code="a">DT515.83.A233</subfield>
    <subfield code="b">A3</subfield>
  </datafield>
  <datafield tag="082" ind1=" " ind2=" ">
    <subfield code="a">922.8669</subfield>
  </datafield>
  <datafield tag="100" ind1=" " ind2=" ">
    <subfield code="a">ADEWOLE, Sunday</subfield>
    <subfield code="e">aut</subfield>
    <subfield code="9">21013</subfield>
  </datafield>
  <datafield tag="245" ind1=" " ind2=" ">
    <subfield code="a">By God's mercy /</subfield>
    <subfield code="c">Sunday Adewole</subfield>
  </datafield>
  <datafield tag="260" ind1=" " ind2=" ">
    <subfield code="a">[S.l] :</subfield>
    <subfield code="b">Diocese of Kwara,</subfield>
    <subfield code="c">2021</subfield>
  </datafield>
  <datafield tag="300" ind1=" " ind2=" ">
    <subfield code="a">iii, 61p. : </subfield>
    <subfield code="b">col.ports. ; 21cm.</subfield>
  </datafield>
  <datafield tag="563" ind1=" " ind2=" ">
    <subfield code="a">(pbk.)</subfield>
  </datafield>
  <datafield tag="650" ind1=" " ind2=" ">
    <subfield code="a">Adewole, Sunday Timothy Gbadega, 1965-</subfield>
    <subfield code="9">21014</subfield>
  </datafield>
  <datafield tag="650" ind1=" " ind2=" ">
    <subfield code="a">Clergy</subfield>
    <subfield code="v">Nigeria</subfield>
    <subfield code="x">Biography</subfield>
    <subfield code="9">8857</subfield>
  </datafield>
  <datafield tag="942" ind1=" " ind2=" ">
    <subfield code="c">BK</subfield>
    <subfield code="n">0</subfield>
  </datafield>
  <datafield tag="999" ind1=" " ind2=" ">
    <subfield code="c">10672</subfield>
    <subfield code="d">10672</subfield>
  </datafield>
  <datafield tag="952" ind1=" " ind2=" ">
    <subfield code="0">0</subfield>
    <subfield code="1">0</subfield>
    <subfield code="2">lcc</subfield>
    <subfield code="4">0</subfield>
    <subfield code="7">0</subfield>
    <subfield code="a">CAL</subfield>
    <subfield code="b">MAIN</subfield>
    <subfield code="d">2023-02-22</subfield>
    <subfield code="e">Legal deposit</subfield>
    <subfield code="i">410193</subfield>
    <subfield code="l">0</subfield>
    <subfield code="o">DT515.83.A233 A3</subfield>
    <subfield code="p">410193</subfield>
    <subfield code="r">2023-02-22 00:00:00</subfield>
    <subfield code="t">1</subfield>
    <subfield code="w">2023-02-22</subfield>
    <subfield code="y">BK</subfield>
  </datafield>
  <datafield tag="952" ind1=" " ind2=" ">
    <subfield code="0">0</subfield>
    <subfield code="1">0</subfield>
    <subfield code="2">lcc</subfield>
    <subfield code="4">0</subfield>
    <subfield code="7">0</subfield>
    <subfield code="a">DAM</subfield>
    <subfield code="b">MAIN</subfield>
    <subfield code="d">2023-02-22</subfield>
    <subfield code="e">Legal deposit</subfield>
    <subfield code="i">410194</subfield>
    <subfield code="l">0</subfield>
    <subfield code="o">DT515.83.A233 A3</subfield>
    <subfield code="p">410194</subfield>
    <subfield code="r">2023-02-22 00:00:00</subfield>
    <subfield code="t">1</subfield>
    <subfield code="w">2023-02-22</subfield>
    <subfield code="y">BK</subfield>
  </datafield>
  <datafield tag="952" ind1=" " ind2=" ">
    <subfield code="0">0</subfield>
    <subfield code="1">0</subfield>
    <subfield code="2">lcc</subfield>
    <subfield code="4">0</subfield>
    <subfield code="7">0</subfield>
    <subfield code="a">DUT</subfield>
    <subfield code="b">MAIN</subfield>
    <subfield code="d">2023-02-22</subfield>
    <subfield code="e">Legal deposit</subfield>
    <subfield code="i">410195</subfield>
    <subfield code="l">0</subfield>
    <subfield code="o">DT515.83.A233 A3</subfield>
    <subfield code="p">410195</subfield>
    <subfield code="r">2023-02-22 00:00:00</subfield>
    <subfield code="t">1</subfield>
    <subfield code="w">2023-02-22</subfield>
    <subfield code="y">BK</subfield>
  </datafield>
</record>
